000 00579nam a22001817a 4500
999 _c192088
_d192088
005 20220912111524.0
010 _aENG-135018
020 _a97881260530954
_c270.00
035 _aEN-118550
037 _bDBAD/PUB
082 _a880.9
245 _aDakshina:
_bA Literary Digest of South Indian Languages/
_cEdited by Sirpi Balasubramaniam
260 _aNew Delhi
_bSahitya Akademi
_c2017
270 _aRabindra Bhavan 35, Ferozeshah Road
_bNew Delhi
_e110001
300 _a368p.
_c22cm(pbk)
700 _aBalasubramaniam, Sirpi
942 _2ddc
_cEN
_h880.9
_mDAK